[Event "7th Uppsala Young Champions"]
[Site "Uppsala"]
[Date "2020.10.28"]
[Round "9.2"]
[White "Blohberger, Felix"]
[Black "Pantzar, Milton"]
[Result "1/2-1/2"]
[WhiteElo "2467"]
[BlackElo "2410"]
[Annotator "TA"]
[PlyCount "92"]
[EventDate "2020.10.23"]
[EventType "swiss"]
[EventCountry "SWE"]
[SourceTitle "playchess.com"]
[Source "ChessBase"]
[SourceQuality "1"]

{[%evp 18,92,16,27,84,21,17,0,5,5,8,0,0,0,0,6,14,16,32,41,39,32,37,10,13,9,14,-239,0,0,0,0,0,0,0,0,0,0,0,0,0,0,0,0,0,0,0,0,0,0,0,0,0,0,0,0,0,0,0,0,0,0,0,0,0,0,0,0,0,0,0,0,0,0,0,0,0]} 1. g3 d5 2. Bg2 Nf6 3. c4 e6 4. Nf3 c5 5. O-O Nc6 6. cxd5 exd5 7. d4 Be7 8. b3 O-O 9. Bb2 cxd4 10. Nxd4 {[#]} h5 $146 {D30: Queen's Gambit Declined: Systems without Nc3.} (10... Qb6 $11 {keeps the balance.}) ({Predecessor:} 10... Qb6 11. Nxc6 bxc6 12. Nc3 Be6 13. Na4 Qb5 14. Rc1 Rac8 15. Bd4 c5 16. Nc3 Qa5 17. Bxf6 Bxf6 18. Nxd5 Qxa2 19. Nxf6+ gxf6 20. Bd5 Bxd5 21. Qxd5 Qxe2 {0-1 (33) Aronian,L (2792)-Kramnik,V (2801) Zuerich 2016}) 11. Nxc6 (11. Nc3 $16) 11... bxc6 $11 12. Qc2 Bd7 13. Nd2 h4 14. Nf3 h3 15. Bh1 Ng4 16. e4 dxe4 17. Qxe4 Bf6 18. Bxf6 Qxf6 19. Rad1 Rfe8 20. Qd4 Rad8 21. Qxa7 Bf5 22. Nd4 $2 {[%mdl 8192]} (22. Rxd8 $11 {and White stays safe.} Rxd8 23. Qc5) 22... Be4 $2 ({Black should try} 22... Rd7 $19 23. Qc5 Red8 24. Qxc6 (24. Nxf5 $2 Rxd1 25. Ne7+ Kh7 $19) 24... Be6) 23. Bxe4 {The position is equal.} Rxe4 24. f3 {[%mdl 64] [#] Double Attack} Nxh2 25. Kxh2 Rexd4 26. Rxd4 Rxd4 {[%mdl 4096] Endgame KQR-KQR} 27. Rf2 Rd1 {[#] White must now prevent ...Qa1!} 28. Qb8+ Kh7 $1 {Strongly threatening ...Qa1.} 29. Qf4 Qxf4 30. gxf4 {KR-KR} Kg6 31. Kxh3 Kf5 32. Kg3 Rg1+ 33. Rg2 Rxg2+ 34. Kxg2 {Hoping for a4.} Kxf4 {K3P-K3P} 35. a4 {a5 is the strong threat.} Ke5 $1 36. Kg3 c5 37. Kg4 Kd5 38. Kf5 c4 39. bxc4+ Kxc4 {KPP-KPP} 40. Ke5 Kb4 41. Kd6 Kxa4 42. Ke7 Kb5 43. Kxf7 Kc5 44. Kxg7 Kd4 45. f4 {White wants to mate with f5.} Ke4 46. f5 Kxf5 {Av CentiPawn Loss W=-10/B=-9. Weighted=-10/-17} 1/2-1/2

[Event "7th Uppsala Young Champions"]
[Site "Uppsala"]
[Date "2020.10.28"]
[Round "9.3"]
[White "Sorensen, Hampus"]
[Black "Storme, Isak"]
[Result "0-1"]
[WhiteElo "2393"]
[BlackElo "2393"]
[Annotator "ChessBase"]
[PlyCount "80"]
[EventDate "2020.10.23"]
[EventType "swiss"]
[EventCountry "SWE"]
[SourceTitle "playchess.com"]
[Source "ChessBase"]
[SourceQuality "1"]
[TimeControl "5400+30"]

1. d4 {[%emt 0:00:00]} d5 {[%emt 0:00:00]} 2. c4 {[%emt 0:00:11]} e6 {[%emt 0:00:00]} 3. Nf3 {[%emt 0:00:06]} Be7 {[%emt 0:00:00]} 4. Qc2 {[%emt 0:01:36]} Nf6 {[%emt 0:05:18]} 5. Bg5 {[%emt 0:00:57]} O-O {[%emt 0:00:34]} 6. e3 {[%emt 0:00:19]} h6 {[%emt 0:02:40]} 7. Bxf6 {[%emt 0:00:54]} Bxf6 {[%emt 0:00:13]} 8. h4 {[%emt 0:00:13]} Nc6 {[%emt 0:07:26]} 9. Nc3 {[%emt 0:01:47]} Nb4 {[%emt 0:01:08]} 10. Qd2 {[%emt 0:01:51]} c5 {[%emt 0:02:16]} 11. dxc5 {[%emt 0:09:19]} Qa5 {[%emt 0:09:42]} 12. cxd5 {[%emt 0:06:28]} exd5 {[%emt 0:04:30]} 13. Nxd5 {[%emt 0:21:19]} Nc2+ {[%emt 0:06:20]} 14. Kd1 {[%emt 0:00:31]} Qxd2+ {[%emt 0:00:12]} 15. Kxd2 {[%emt 0:00:28]} Nxa1 {[%emt 0:00:08]} 16. Nxf6+ {[%emt 0:00:07]} gxf6 {[%emt 0:00:06]} 17. Bd3 {[%emt 0:04:57]} Be6 {[%emt 0:01:09]} 18. Be4 {[%emt 0:18:24]} Rac8 {[%emt 0:21:51]} 19. b4 {[%emt 0:05:15]} b6 {[%emt 0:01:50]} 20. Bb7 {[%emt 0:06:09]} Rfd8+ {[%emt 0:01:12]} 21. Kc3 {[%emt 0:05:17]} Rc7 {[%emt 0:00:50]} 22. c6 {[%emt 0:01:09]} Bc8 {[%emt 0:00:20]} 23. Bxc8 {[%emt 0:07:29]} Rxc6+ {[%emt 0:00:26]} 24. Kb2 {[%emt 0:00:00]} Rc2+ {[%emt 0:02:25]} 25. Kxa1 {[%emt 0:00:14]} Rdxc8 {[%emt 0:00:07]} 26. Rf1 {[%emt 0:00:33]} Rc1+ {[%emt 0:03:46]} 27. Rxc1 {[%emt 0:00:00]} Rxc1+ {[%emt 0:00:07]} 28. Kb2 {[%emt 0:00:00]} Rf1 {[%emt 0:00:11]} 29. Nd4 {[%emt 0:01:12]} Rxf2+ {[%emt 0:00:08]} 30. Kb3 {[%emt 0:00:01]} Rxg2 {[%emt 0:00:21]} 31. a4 {[%emt 0:00:49]} Rg3 {[%emt 0:01:01]} 32. Kc4 {[%emt 0:01:18]} Rxe3 {[%emt 0:01:09]} 33. Kb5 {[%emt 0:00:12]} f5 {[%emt 0:00:43]} 34. Ka6 {[%emt 0:00:00]} f4 {[%emt 0:00:56]} 35. Nf5 {[%emt 0:01:57]} Re4 {[%emt 0:00:25]} 36. Kxa7 {[%emt 0:00:27]} Rxb4 {[%emt 0:00:19]} 37. Nxh6+ {[%emt 0:00:02]} Kf8 {[%emt 0:00:11]} 38. Ng4 {[%emt 0:00:08]} f3 {[%emt 0:00:13]} 39. Nh2 {[%emt 0:00:07]} f2 {[%emt 0:00:09]} 40. Ka6 {[%emt 0:00:06]} Rxa4+ {[%emt 0:00:08]} 0-1

[Event "7th Uppsala Young Champions"]
[Site "Uppsala"]
[Date "2020.10.28"]
[Round "9.4"]
[White "Kusa, Jakub"]
[Black "Muetsch, Annmarie"]
[Result "1-0"]
[WhiteElo "2233"]
[BlackElo "2226"]
[Annotator "ChessBase"]
[PlyCount "73"]
[EventDate "2020.10.23"]
[EventType "swiss"]
[EventCountry "SWE"]
[SourceTitle "playchess.com"]
[Source "ChessBase"]
[SourceQuality "1"]
[TimeControl "5400+30"]

1. e4 {[%emt 0:00:00]} c5 {[%emt 0:00:00]} 2. Nf3 {[%emt 0:00:00]} Nc6 {[%emt 0:00:02]} 3. Bb5 {[%emt 0:00:00]} g6 {[%emt 0:00:05]} 4. Bxc6 {[%emt 0:00:00]} dxc6 {[%emt 0:00:04]} 5. d3 {[%emt 0:00:11]} Bg7 {[%emt 0:00:05]} 6. h3 {[%emt 0:00:16]} e5 {[%emt 0:00:12]} 7. O-O {[%emt 0:00:09]} Qc7 {[%emt 0:00:33]} 8. a3 {[%emt 0:00:24]} Nf6 {[%emt 0:02:06]} 9. Nbd2 {[%emt 0:00:19]} Be6 {[%emt 0:02:35]} 10. b4 {[%emt 0:01:11]} cxb4 {[%emt 0:02:25]} 11. axb4 {[%emt 0:00:19]} h6 {[%emt 0:01:41]} 12. Bb2 {[%emt 0:00:41]} Nd7 {[%emt 0:00:52]} 13. Ra3 {[%emt 0:02:13]} O-O {[%emt 0:02:52]} 14. Qa1 {[%emt 0:01:06]} c5 {[%emt 0:08:15]} 15. b5 {[%emt 0:06:48]} b6 {[%emt 0:03:42]} 16. Nc4 {[%emt 0:01:32]} Bxc4 {[%emt 0:08:47]} 17. dxc4 {[%emt 0:00:13]} Rfe8 {[%emt 0:02:30]} 18. Rd1 {[%emt 0:01:22]} Nf8 {[%emt 0:14:20]} 19. Rad3 {[%emt 0:00:48]} f6 {[%emt 0:01:05]} 20. Rd5 {[%emt 0:06:11]} Red8 {[%emt 0:02:33]} 21. Qa3 {[%emt 0:05:51]} Ne6 {[%emt 0:02:10]} 22. Qd3 {[%emt 0:01:41]} Nd4 {[%emt 0:02:32]} 23. Nxd4 {[%emt 0:08:59]} cxd4 {[%emt 0:04:09]} 24. c3 {[%emt 0:01:04]} Rxd5 {[%emt 0:08:14]} 25. cxd5 {[%emt 0:01:11]} dxc3 {[%emt 0:01:45]} 26. Rc1 {[%emt 0:03:51]} Bf8 {[%emt 0:02:24]} 27. Rxc3 {[%emt 0:01:18]} Bc5 {[%emt 0:00:35]} 28. Ba3 {[%emt 0:02:24]} Qd6 {[%emt 0:00:10]} 29. Bxc5 {[%emt 0:00:09]} bxc5 {[%emt 0:00:04]} 30. Qc4 {[%emt 0:00:37]} a6 {[%emt 0:04:27]} 31. Qxc5 {[%emt 0:02:36]} Qxc5 {[%emt 0:00:07]} 32. Rxc5 {[%emt 0:00:06]} axb5 {[%emt 0:00:04]} 33. Rxb5 {[%emt 0:00:09]} Ra1+ {[%emt 0:00:25]} 34. Kh2 {[%emt 0:00:07]} Rd1 {[%emt 0:00:27]} 35. f3 {[%emt 0:00:20]} f5 {[%emt 0:01:08]} 36. Rb6 {[%emt 0:01:36]} Kg7 {[%emt 0:00:40]} 37. Re6 {[%emt 0:00:29]} 1-0

[Event "7th Uppsala Young Champions"]
[Site "Uppsala"]
[Date "2020.10.28"]
[Round "9.5"]
[White "Soderstrom, Adrian"]
[Black "Kucuksari, Kaan"]
[Result "0-1"]
[WhiteElo "2168"]
[BlackElo "2384"]
[Annotator "ChessBase"]
[PlyCount "120"]
[EventDate "2020.10.23"]
[EventType "swiss"]
[EventCountry "SWE"]
[SourceTitle "playchess.com"]
[Source "ChessBase"]
[SourceQuality "1"]
[TimeControl "5400+30"]

1. d4 {[%emt 0:00:00]} f5 {[%emt 0:00:00]} 2. Bg5 {[%emt 0:01:41]} h6 {[%emt 0:00:00]} 3. Bh4 {[%emt 0:00:22]} g5 {[%emt 0:00:00]} 4. e4 {[%emt 0:00:37]} Rh7 {[%emt 0:00:00]} 5. Qh5+ {[%emt 0:00:15]} Rf7 {[%emt 0:00:00]} 6. Nf3 {[%emt 0:00:12]} Nf6 {[%emt 0:00:00]} 7. Qg6 {[%emt 0:00:02]} Nc6 {[%emt 0:01:30]} 8. e5 {[%emt 0:04:26]} Nh7 {[%emt 0:13:25]} 9. d5 {[%emt 0:07:08]} e6 {[%emt 0:01:40]} 10. dxc6 {[%emt 0:00:48]} gxh4 {[%emt 0:00:02]} 11. cxd7+ {[%emt 0:04:24]} Bxd7 {[%emt 0:00:01]} 12. Bc4 {[%emt 0:05:52]} Qe7 {[%emt 0:00:30]} 13. Qh5 O-O-O {[%emt 0:00:30]} 14. Qxh4 {[%emt 0:01:00]} Ng5 {[%emt 0:14:07]} 15. Nxg5 {[%emt 0:36:34]} hxg5 {[%emt 0:01:23]} 16. Qg3 {[%emt 0:01:33]} f4 {[%emt 0:10:27]} 17. Qa3 {[%emt 0:06:15]} Rf5 {[%emt 0:00:30]} 18. O-O {[%emt 0:00:30]} Qxa3 {[%emt 0:00:30]} 19. Nxa3 {[%emt 0:00:30]} Rxe5 {[%emt 0:00:30]} 20. Rfe1 {[%emt 0:00:30]} Rxe1+ {[%emt 0:00:30]} 21. Rxe1 {[%emt 0:00:30]} Bg7 {[%emt 0:08:20]} 22. c3 {[%emt 0:00:55]} e5 {[%emt 0:00:30]} 23. h3 {[%emt 0:00:30]} c6 {[%emt 0:04:40]} 24. Bb3 {[%emt 0:09:34]} b5 {[%emt 0:02:00]} 25. f3 {[%emt 0:03:13]} Kc7 {[%emt 0:01:27]} 26. Kf2 {[%emt 0:00:42]} a5 {[%emt 0:00:52]} 27. Bc2 {[%emt 0:04:03]} Be6 {[%emt 0:02:57]} 28. Bb3 {[%emt 0:01:16]} Bd7 {[%emt 0:01:42]} 29. Bc2 {[%emt 0:00:05]} Rb8 {[%emt 0:00:56]} 30. Nb1 {[%emt 0:00:22]} b4 {[%emt 0:02:13]} 31. c4 {[%emt 0:00:22]} Rd8 {[%emt 0:02:25]} 32. Rd1 {[%emt 0:00:44]} e4 {[%emt 0:02:31]} 33. Bxe4 {[%emt 0:04:54]} Bxb2 {[%emt 0:00:02]} 34. Ke2 {[%emt 0:00:47]} a4 {[%emt 0:01:37]} 35. Bc2 {[%emt 0:01:10]} b3 {[%emt 0:01:34]} 36. axb3 {[%emt 0:00:42]} a3 {[%emt 0:00:00]} 37. Nxa3 {[%emt 0:01:41]} Bxa3 {[%emt 0:00:02]} 38. Be4 {[%emt 0:01:31]} Rb8 {[%emt 0:00:29]} 39. Rb1 {[%emt 0:00:27]} Bb4 {[%emt 0:02:46]} 40. Ra1 {[%emt 0:00:20]} Bc5 {[%emt 0:00:07]} 41. Ra5 {[%emt 0:00:49]} Kd6 {[%emt 0:00:02]} 42. Bc2 {[%emt 0:00:18]} Be6 {[%emt 0:02:00]} 43. Ra6 {[%emt 0:00:18]} Bb6 {[%emt 0:05:23]} 44. Be4 {[%emt 0:00:16]} Bc8 {[%emt 0:02:25]} 45. Ra2 {[%emt 0:00:11]} Bc5 {[%emt 0:05:25]} 46. Bc2 {[%emt 0:00:06]} Bb4 {[%emt 0:02:02]} 47. Be4 {[%emt 0:00:20]} Kc5 {[%emt 0:01:43]} 48. Ra7 {[%emt 0:00:30]} Bb7 {[%emt 0:00:31]} 49. Bd3 {[%emt 0:00:40]} Re8+ {[%emt 0:01:36]} 50. Be4 {[%emt 0:00:01]} Kb6 {[%emt 0:00:17]} 51. Ra1 {[%emt 0:00:36]} c5 {[%emt 0:00:44]} 52. Rb1 {[%emt 0:00:37]} Bxe4 {[%emt 0:00:44]} 53. fxe4 {[%emt 0:00:01]} Rxe4+ {[%emt 0:00:08]} 54. Kf3 {[%emt 0:00:06]} Re3+ {[%emt 0:00:31]} 55. Kg4 {[%emt 0:00:01]} Rg3+ {[%emt 0:00:06]} 56. Kf5 {[%emt 0:00:42]} Rxg2 {[%emt 0:00:02]} 57. Rf1 {[%emt 0:00:37]} Bd2 {[%emt 0:00:42]} 58. Rd1 {[%emt 0:00:25]} f3 {[%emt 0:01:21]} 59. Ke4 {[%emt 0:00:51]} f2 {[%emt 0:00:15]} 60. Rf1 {[%emt 0:01:13]} Be1 {[%emt 0:00:10]} 0-1

[Event "7th Uppsala Young Champions"]
[Site "Uppsala"]
[Date "2020.10.28"]
[Round "9.6"]
[White "Frank, Adam"]
[Black "Stefansson, Vignir Vatnar"]
[Result "1/2-1/2"]
[WhiteElo "2129"]
[BlackElo "2313"]
[Annotator "TA"]
[PlyCount "151"]
[EventDate "2020.10.23"]
[EventType "swiss"]
[EventCountry "SWE"]
[SourceTitle "playchess.com"]
[Source "ChessBase"]
[SourceQuality "1"]

{[%evp 9,151,-11,-14,-40,-27,-30,-6,-10,-6,-14,-19,-8,18,-27,-32,-58,-8,-7,18,16,18,24,17,11,7,10,30,36,35,14,23,21,30,0,0,0,0,0,0,0,16,15,30,15,16,0,20,0,29,0,0,0,0,8,7,18,18,0,0,0,0,0,0,0,0,0,0,0,0,0,0,0,0,0,0,0,0,0,0,0,0,0,0,0,0,0,0,0,0,0,0,0,0,0,0,0,0,0,0,0,0,0,0,0,24,24,24,24,24,24,24,24,24,24,24,24,24,8,8,8,8,8,8,8,8,8,8,8,8,0,8,8,8,8,8,8,23,0,8,0,0,0,8,0]} 1. Nf3 f5 2. d3 Nc6 3. e4 e5 4. Nc3 Nf6 5. Bg5 Bb4 6. Be2 {C40: Latvian and Elephant Gambits.} d6 7. exf5 Bxf5 8. O-O Bxc3 9. bxc3 O-O 10. Rb1 b6 11. Nd2 Qd7 {[#]} 12. Nc4 $146 ({Predecessor:} 12. Bf3 Rae8 13. Re1 Nd8 14. d4 exd4 15. Rxe8 Qxe8 16. Bxf6 Rxf6 17. cxd4 Rf8 18. Rb3 {0-1 (27) Chudinovskikh,A (2238)-Kovacevic,B (2499) Pardubice 2017}) 12... Rae8 13. Ne3 Be6 14. Bxf6 Rxf6 15. d4 d5 16. Bb5 exd4 17. cxd4 Rd8 18. c3 Qd6 19. Bd3 Rdf8 20. Rb2 Na5 21. Ng4 Bxg4 22. Qxg4 Re8 23. Re2 Rxe2 24. Qxe2 Qe6 25. Qh5 Rh6 26. Qg5 Rf6 27. Qh5 Rh6 28. Qg5 Rf6 29. Qh5 h6 30. Qd1 Qe8 31. Re1 Re6 32. Rxe6 Qxe6 33. h3 Nb7 34. Qa4 a5 35. Qb5 Kf8 36. g3 Ke7 37. Kg2 Qd7 38. Qa6 Nd6 39. Qa8 Qe6 40. Qc6 Ne8 41. Qa8 Qd7 42. g4 Nf6 43. Bf5 Qd6 44. Qh8 Kf7 45. Qc8 g6 46. Bb1 Qc6 (46... Kg7 {seems wilder.} 47. Bd3 Qe7 48. h4 Ne8 49. Qa8 Qd7) 47. h4 Qd7 48. Qxd7+ Nxd7 $11 {[%mdl 4096] Endgame KB-KN} 49. f4 b5 50. Kf3 Nb6 51. Bc2 Nc4 52. g5 hxg5 53. hxg5 Nd6 54. Bd3 c6 55. Bc2 a4 56. Bd3 a3 57. Ke3 Nc8 58. f5 gxf5 $1 59. Bxf5 Nb6 $1 60. Kd3 Nc4 61. Bd7 Na5 62. Ke3 {With the idea Kf4.} Ke7 $1 {[%cal Re7d7]} 63. g6 Kf6 64. Be8 Nc4+ $1 65. Kf4 Nb2 66. Bxc6 Nd1 67. Bxd5 {[#] Be4 is the strong threat.} Kxg6 68. Ke5 {Threatens to win with c4.} Nxc3 69. Bb3 Kg7 70. d5 {aiming for Ke6.} Kf7 71. Kd6 Ne4+ 72. Kc6 Ke7 73. Kxb5 Kd6 {The position is equal.} 74. Ka4 Nc3+ 75. Kxa3 {[#] Black must now prevent Kb4.} Nxd5 76. Bxd5 {Av CentiPawn Loss W=-3/B=-4. Weighted=-3/-4} 1/2-1/2

[Event "7th Uppsala Young Champions"]
[Site "Uppsala"]
[Date "2020.10.28"]
[Round "9.7"]
[White "Mica, Marek"]
[Black "Johnson, Daniel"]
[Result "1-0"]
[WhiteElo "2294"]
[BlackElo "2100"]
[Annotator "TA"]
[PlyCount "111"]
[EventDate "2020.10.23"]
[EventType "swiss"]
[EventCountry "SWE"]
[SourceTitle "playchess.com"]
[Source "ChessBase"]
[SourceQuality "1"]

{[%evp 13,110,13,12,-6,-12,0,-5,-6,0,-2,25,21,15,8,13,-23,-14,-24,23,16,22,18,18,14,13,16,26,6,18,0,0,6,5,0,7,0,0,0,61,0,0,0,0,0,0,0,16,14,13,9,20,10,10,11,12,0,0,0,18,6,53,58,52,52,52,52,52,52,463,458,452,444,429,419,347,441,454,447,425,364,539,506,764,766,732,743,717,716,1120,847,5312,5181,29994,29995,29997,29998,29998,29999,29999]} 1. c4 {Krasenkow,M} e6 2. Nc3 d5 3. d4 Be7 4. Nf3 Nf6 5. Bf4 O-O 6. e3 Nbd7 {6...b6 is the recent fashion. Played by Sergey Karjakin in October 2020.} 7. Qc2 c5 8. cxd5 {D37: Queen's Gambit Declined: 5 Bf4.} Nxd5 9. Nxd5 exd5 10. Bd3 {The position is equal.} h6 11. dxc5 Nxc5 12. O-O Bg4 {[#]} 13. Nd4 $146 ({Predecessor:} 13. Bf5 Bxf3 14. gxf3 Ne6 15. Bg3 Qb6 16. Rfd1 Rfd8 17. Be5 Rac8 18. Qe2 Rc6 19. f4 {1-0 (45) Fedoseev,V (2690)-Jakovenko,D (2718) Minsk 2017 CBM 179 [Krasenkow,M]}) 13... Rc8 14. f3 Bd7 15. Qe2 Bg5 16. Bxg5 Qxg5 17. Rad1 Rfe8 18. Rfe1 Ne6 19. Bb1 Qf6 20. Qd3 {Threatens to win with Qh7+.} g6 21. a3 Ba4 22. Rd2 $1 Nc5 (22... Nf4 $5 23. Qf1 $8 Ne6 $11) 23. Qf1 Rc7 24. Ba2 Rce7 25. Qf2 h5 ({Black should play} 25... Qa6 $11 26. Qf1 Qb6) 26. h4 (26. b4 $14 Ne6 27. Nxe6 fxe6 28. e4) 26... Qa6 $11 {White must now prevent ...Nd3.} 27. Bb1 Nb3 28. Rd3 Nxd4 29. Rxd4 Bc6 30. Ba2 Qb6 {Strongly threatening ...Qxd4!} 31. Qd2 Re5 32. Kf2 a6 33. b4 {[%cal Ra2d5]} Qd8 34. Bb3 Qf6 35. Bc2 Bd7 (35... Bb5 {seems wilder.} 36. Bb3 Bc6) 36. Rf4 Qxf4 (36... Qe7 {keeps more tension.} 37. Bb3 Bc6 38. a4 Qd6 39. e4 R8e7) 37. exf4 Rxe1 38. Qxe1 Rxe1 39. Kxe1 {[%mdl 4096] Endgame KB-KB} Bf5 40. Bb3 d4 $2 {[%mdl 8192] This move loses the game for Black.} (40... Be6 $1 $14) 41. Kd2 b6 42. Bd5 Kf8 43. Be4 Ke7 44. Kd3 Kd6 45. Kxd4 Be6 46. Bd3 Bc8 (46... b5 $142 47. Be4 f5) 47. Bc4 $18 f6 (47... Be6 $142 48. Bxa6 Bd7) 48. Bf7 Bf5 {[#]} 49. g4 $1 {[%mdl 512]} Bb1 (49... hxg4 50. fxg4) 50. f5 hxg4 51. fxg6 gxf3 52. g7 f2 53. g8=Q {White mates.} f1=Q 54. Qd8+ {[%mdl 64] [#] Double Attack} Kc6 55. Bd5+ Kb5 56. Qd7# {Av CentiPawn Loss W=43/B=-71. Weighted=33/-84} 1-0

[Event "7th Uppsala Young Champions"]
[Site "Uppsala"]
[Date "2020.10.28"]
[Round "9.8"]
[White "Nilssen, Ellen Fredericia"]
[Black "Falkevall, Axel"]
[Result "1/2-1/2"]
[WhiteElo "2209"]
[BlackElo "2121"]
[Annotator "TA"]
[PlyCount "60"]
[EventDate "2020.10.23"]
[EventType "swiss"]
[EventCountry "SWE"]
[SourceTitle "playchess.com"]
[Source "ChessBase"]
[SourceQuality "1"]

{[%evp 20,60,19,12,25,0,0,0,8,4,11,3,0,1,6,5,5,5,10,0,0,0,0,0,0,0,0,0,0,0,0,0,0,0,0,0,0,0,0,0,0,0,0]} 1. Nf3 Nf6 2. c4 e6 3. Nc3 d5 4. d4 Bb4 5. Bg5 h6 6. Bxf6 Qxf6 7. e3 O-O 8. Rc1 dxc4 9. Bxc4 c5 10. O-O cxd4 11. Nxd4 Bd7 {D38: Queen's Gambit Declined: Ragozin Defence (4 Nf3 Bb4).} 12. Qb3 Nc6 {The position is equal.} 13. Rfd1 {[#] aiming for Nxc6.} Bxc3 14. Qxc3 Nxd4 15. Qxd4 Bc6 16. Qxf6 gxf6 17. f3 f5 18. Kf2 Rad8 19. Bb3 Kg7 20. Rxd8 Rxd8 $11 {[%mdl 4096] Endgame KRB-KRB} 21. Rd1 Rg8 22. Bc4 Kf6 23. Rd4 Rc8 24. Bb3 Rg8 25. Bc4 Rc8 26. Bb3 Rg8 27. Bc4 Rc8 28. Bb3 Rg8 29. Bc4 Rc8 30. Bb3 Rg8 {An uneventful encounter. Av CentiPawn Loss W=-2/B=-1. Weighted=-2/-1} 1/2-1/2

[Event "7th Uppsala Young Champions"]
[Site "Uppsala"]
[Date "2020.10.28"]
[Round "9.9"]
[White "Nemec, Jachym"]
[Black "Heimisson, Hilmir Freyr"]
[Result "0-1"]
[WhiteElo "2246"]
[BlackElo "2352"]
[Annotator "NA"]
[PlyCount "70"]
[EventDate "2020.10.23"]
[EventType "swiss"]
[EventCountry "SWE"]
[SourceTitle "playchess.com"]
[Source "ChessBase"]
[SourceQuality "1"]
[TimeControl "5400+30"]

{[%evp 8,51,18,0,3,0,47,33,167,168,173,165,166,150,172,156,154,170,173,158,168,176,176,185,158,117,139,134,32767,32767,32767,32767,32767,32767,32767,32767,32767,32767,142,122,143,68,78,39,83,-341]} 1. d4 {[%emt 0:00:00]} Nf6 {[%emt 0:00:00]} 2. c4 {[%emt 0:00:00]} e6 {[%emt 0:00:00]} 3. Nc3 {[%emt 0:00:00]} Bb4 {[%emt 0:00:00]} 4. e3 {[%emt 0:00:00]} O-O {[%emt 0:00:00]} 5. Bd3 {[%emt 0:00:04]} b6 {[%emt 0:00:03]} 6. Nge2 {[%emt 0:00:22]} d6 {[%emt 0:01:29]} 7. O-O {[%emt 0:00:16]} e5 {[%emt 0:00:55]} (7... d5 $11 {and Black has nothing to worry.}) 8. Nd5 {[%emt 0:04:42]} Nxd5 {[%emt 0:07:51]} 9. cxd5 {[%emt 0:00:07]} Ba5 {[%emt 0:04:40]} 10. a3 {[%emt 0:01:21]} b5 {[%emt 0:02:13]} 11. b4 {[%emt 0:00:09]} Bb6 {[%emt 0:00:05]} 12. Bb2 {[%emt 0:01:17]} Qe8 {[%emt 0:00:56]} 13. Qc2 {[%emt 0:04:01]} h6 {[%emt 0:02:35]} 14. dxe5 {[%emt 0:02:08]} dxe5 {[%emt 0:00:06]} 15. Nc3 {[%emt 0:08:36]} Bd7 {[%emt 0:05:20]} 16. Kh1 {[%emt 0:06:20]} f5 {[%emt 0:03:46]} 17. a4 {[%emt 0:00:26]} (17. f4 $18 e4 18. Nxe4 fxe4 19. Bxe4) 17... bxa4 {[%emt 0:09:45]} 18. Nxa4 {[%emt 0:01:21]} Bxa4 {[%emt 0:00:11]} 19. Rxa4 {[%emt 0:00:09]} e4 {[%emt 0:02:28]} 20. Bc4 {[%emt 0:00:16]} Kh8 {[%emt 0:00:19]} 21. d6 {[%emt 0:16:11]} Nd7 {[%emt 0:10:26]} 22. Rd1 {[%emt 0:06:03]} c6 {[%emt 0:15:18]} (22... cxd6 $14 23. Rxd6 Nf6) 23. Qc3 {[%emt 0:08:13]} Qg6 {[%emt 0:06:02] [#]} 24. Be6 {[%emt 0:06:28]} (24. g3 $1 $16) 24... Nf6 {[%emt 0:00:18]} 25. d7 {[%emt 0:03:51]} Ng4 {[%emt 0:12:45] [#]} 26. Rd6 $19 {[%emt 0:10:45]} (26. Rf1 $1 $16 {and life is bright.} Bc7 27. h3 (27. Qxc6 Bxh2 28. d8=R Rfxd8 $19)) 26... Nxf2+ {[%emt 0:08:51]} 27. Kg1 {[%emt 0:00:15]} Ng4 {[%emt 0:00:04]} 28. Bb3 {[%emt 0:12:41]} Bxe3+ {[%emt 0:04:27]} 29. Kh1 {[%emt 0:00:01]} Nf2+ {[%emt 0:00:40]} 30. Kg1 {[%emt 0:00:06]} Nd3+ {[%emt 0:00:29]} 31. Kh1 {[%emt 0:01:20]} Qg5 {[%emt 0:01:15]} 32. d8=Q {[%emt 0:03:15]} Rfxd8 {[%emt 0:01:31]} 33. Qxc6 {[%emt 0:03:11]} Nxb2 {[%emt 0:00:35]} 34. Ra6 {[%emt 0:01:02]} Rxd6 {[%emt 0:00:54]} 35. Qxd6 {[%emt 0:00:21]} Rd8 {[%emt 0:00:31]} 0-1

[Event "7th Uppsala Young Champions"]
[Site "Uppsala"]
[Date "2020.10.28"]
[Round "9.10"]
[White "Kruckenhauser, Arthur"]
[Black "Radeva, Viktoria"]
[Result "1/2-1/2"]
[WhiteElo "2301"]
[BlackElo "2263"]
[Annotator "ChessBase"]
[PlyCount "79"]
[EventDate "2020.10.23"]
[EventType "swiss"]
[EventCountry "SWE"]
[SourceTitle "playchess.com"]
[Source "ChessBase"]
[SourceQuality "1"]
[TimeControl "5400+30"]

1. d4 {[%emt 0:00:00]} d5 {[%emt 0:00:00]} 2. Bf4 {[%emt 0:00:04]} Nf6 {[%emt 0:00:00]} 3. e3 {[%emt 0:00:07]} e6 {[%emt 0:00:00]} 4. Nf3 {[%emt 0:00:22]} Bd6 {[%emt 0:00:20]} 5. Bg3 {[%emt 0:01:20]} O-O {[%emt 0:01:22]} 6. Nbd2 {[%emt 0:01:22]} c5 {[%emt 0:03:30]} 7. c3 {[%emt 0:00:18]} Qc7 {[%emt 0:01:37]} 8. Bd3 {[%emt 0:03:20]} Nbd7 {[%emt 0:01:44]} 9. O-O {[%emt 0:02:53]} Bxg3 {[%emt 0:07:40]} 10. hxg3 {[%emt 0:00:32]} e5 {[%emt 0:01:08]} 11. Nxe5 {[%emt 0:05:15]} Nxe5 {[%emt 0:00:17]} 12. dxe5 {[%emt 0:00:04]} Qxe5 {[%emt 0:00:06]} 13. Qf3 {[%emt 0:03:02]} b6 {[%emt 0:06:53]} 14. Qf4 {[%emt 0:03:37]} Qe7 {[%emt 0:05:19]} 15. e4 {[%emt 0:04:03]} dxe4 {[%emt 0:06:40]} 16. Nxe4 {[%emt 0:00:19]} Nd5 {[%emt 0:00:40]} 17. Qg5 {[%emt 0:04:01]} Qxg5 {[%emt 0:04:37]} 18. Nxg5 {[%emt 0:00:14]} h6 {[%emt 0:00:08]} 19. Bh7+ {[%emt 0:03:58]} Kh8 {[%emt 0:00:11]} 20. Be4 {[%emt 0:00:15]} Bb7 {[%emt 0:03:11]} 21. Rad1 {[%emt 0:05:29]} Rad8 {[%emt 0:02:20]} 22. Nf3 {[%emt 0:01:45]} Rfe8 {[%emt 0:03:25]} 23. Rfe1 {[%emt 0:04:30]} Bc6 {[%emt 0:03:20]} 24. g4 {[%emt 0:01:23]} Kg8 {[%emt 0:04:02]} 25. g5 {[%emt 0:03:32]} hxg5 {[%emt 0:01:57]} 26. Nxg5 {[%emt 0:00:16]} Kf8 {[%emt 0:02:51]} 27. Nh7+ {[%emt 0:02:31]} Kg8 {[%emt 0:00:12]} 28. Ng5 {[%emt 0:00:07]} Kf8 {[%emt 0:01:13]} 29. f3 {[%emt 0:02:29]} f6 {[%emt 0:01:39]} 30. Nh3 {[%emt 0:00:56]} Kf7 {[%emt 0:01:23]} 31. Kf2 {[%emt 0:03:47]} g5 {[%emt 0:03:50]} 32. Rd3 {[%emt 0:03:15]} Ne7 {[%emt 0:02:43]} 33. Red1 {[%emt 0:01:46]} Rxd3 {[%emt 0:00:20]} 34. Bxd3 {[%emt 0:00:23]} Bd5 {[%emt 0:01:36]} 35. a3 {[%emt 0:02:16]} Bb3 {[%emt 0:01:40]} 36. Rd2 {[%emt 0:01:33]} Nc6 {[%emt 0:01:13]} 37. Be4 {[%emt 0:01:32]} Rd8 {[%emt 0:01:33]} 38. Rxd8 {[%emt 0:01:27]} Nxd8 {[%emt 0:00:08]} 39. f4 {[%emt 0:00:30]} gxf4 {[%emt 0:00:34]} 40. Nxf4 {[%emt 0:00:39]} 1/2-1/2